Başlangıcından zamanımıza kadar Türkiye tarihi. (Record no. 47877)
[ view plain ]
| 000 -LEADER | |
|---|---|
| fixed length control field | 00643cam a22002291 4500 |
| 001 - CONTROL NUMBER | |
| control field | ne 65000161 |
| 003 - CONTROL NUMBER IDENTIFIER | |
| control field | DLC |
| 005 - DATE AND TIME OF LATEST TRANSACTION | |
| control field | 20260227111810.0 |
| 008 - FIXED-LENGTH DATA ELEMENTS--GENERAL INFORMATION | |
| fixed length control field | 870929m19631967tu abcj 000 0 tur |
| 010 ## - LIBRARY OF CONGRESS CONTROL NUMBER | |
| LC control number | ne 65000161 |
| 035 ## - SYSTEM CONTROL NUMBER | |
| System control number | (OCoLC)16771734 |
| 040 ## - CATALOGING SOURCE | |
| Original cataloging agency | DLC |
| Transcribing agency | OrPS |
| Modifying agency | DLC |
| 042 ## - AUTHENTICATION CODE | |
| Authentication code | premarc |
| 043 ## - GEOGRAPHIC AREA CODE | |
| Geographic area code | a-tu--- |
| 050 00 - LIBRARY OF CONGRESS CALL NUMBER | |
| Classification number | DR440 |
| Item number | .O4 |
| 100 1# - MAIN ENTRY--PERSONAL NAME | |
| Personal name | Öztuna, T. Yılmaz. |
| 245 10 - TITLE STATEMENT | |
| Title | Başlangıcından zamanımıza kadar Türkiye tarihi. |
| 260 ## - PUBLICATION, DISTRIBUTION, ETC. | |
| Place of publication, distribution, etc. | [İstanbul] |
| Name of publisher, distributor, etc. | Hayat Kitapları |
| Date of publication, distribution, etc. | [1963-67] |
| 300 ## - PHYSICAL DESCRIPTION | |
| Extent | 12 v. |
| Other physical details | illus., geneal. tables, maps, ports. |
| Dimensions | 20 cm. |
| 651 #0 - SUBJECT ADDED ENTRY--GEOGRAPHIC NAME | |
| Geographic name | Turkey |
| General subdivision | History. |
| 740 0# - ADDED ENTRY--UNCONTROLLED RELATED/ANALYTICAL TITLE | |
| Uncontrolled related/analytical title | Türkiye tarihi. |
No items available.